Statistics for Countries that currently recognise the Sahrawi Arab Democratic Republic

Click here to take the quiz!

General Stats

  • This quiz has been taken 46 times
  • The average score is 28 of 45

Answer Stats

Answer% Correct
Algeria
89%
Ethiopia
84%
Tanzania
84%
Mauritania
84%
Iran
84%
Mali
84%
Kenya
82%
Libya
82%
Liberia
82%
Nigeria
79%
Rwanda
79%
Uganda
79%
Zimbabwe
76%
Syria
76%
South Sudan
74%
Sierra Leone
74%
Yemen
74%
Zambia
74%
South Africa
74%
Namibia
71%
Angola
71%
Botswana
68%
Lesotho
68%
Ghana
68%
Mozambique
63%
Malawi
63%
Cuba
61%
Venezuela
58%
North Korea
55%
Suriname
53%
Cape Verde
53%
Guyana
53%
Ecuador
50%
Bolivia
47%
Honduras
42%
Mexico
42%
Uruguay
42%
Nicaragua
39%
El Salvador
39%
Laos
37%
Belize
34%
Jamaica
29%
Trinidad and Tobago
29%
Vanuatu
21%
East Timor
21%

Score Distribution

Percentile by Number Answered

Percent of People with Each Score

Your Score History

You have not taken this quiz